Microsoft Office Access 2003 pro pokročilé

Salvato in:
Dettagli Bibliografici
Autore principale: Jerke, Noel
Altri autori: Valík, Ladislav
Natura: Libro
Lingua:ceco
Pubblicazione: Brno CP Books 2005
Soggetti:
Tags: Aggiungi Tag
Nessun Tag, puoi essere il primo ad aggiungerne!!

MARC

LEADER 00000nam$a2200000$$$4500
001 0035377
005 20240313133216.3
020 |a 80-251-0723-X 
041 0 |a cze 
044 |a CZ 
245 1 0 |a Microsoft Office Access 2003 pro pokročilé  |c Noel Jerke ; překlad: Ladislav Valík 
264 1 |a Brno  |b CP Books  |c 2005 
300 |a 351 s. 
610 2 0 |a softvér 
610 2 0 |a programovanie 
610 2 0 |a systémy operačné 
610 2 0 |a modelovanie 
100 1 |a Jerke, Noel 
700 1 |a Valík, Ladislav